| 000 | 00553nam a22001817a 4500 | ||
|---|---|---|---|
| 999 |
_c162901 _d162901 |
||
| 005 | 20190323152559.0 | ||
| 010 | _aENG-124917 | ||
| 020 |
_c150.00 _a9789350578704 |
||
| 035 | _aEN-108449 | ||
| 037 | _bDBAD/PUB | ||
| 082 | _a616.462 | ||
| 100 | _aSethi, A.K. | ||
| 245 |
_aKnowing diabetes: _bby A.K. Sethi _chow it affects different parts of the body/ |
||
| 260 |
_aNew Delhi _bV&S Publishers _c2017 |
||
| 270 |
_aF-2/16, Ansari Road, Daryaganj _bNew Delhi _e110002 |
||
| 300 |
_a46p. _c21cm(pbk) |
||
| 942 |
_2ddc _cEN _mSET _h616.462 |
||